Statistics for #2 NBA Draft Picks

Click here to take the quiz!

General Stats

  • This quiz has been taken 20 times
  • The average score is 19 of 44

Answer Stats

YearDrafted byPlayer% Correct
2019GrizzliesJa Morant
92%
2022ThunderChet Holmgren
85%
2015LakersD'Angelo Russell
85%
2017LakersLonzo Ball
85%
2021RocketsJalen Green
77%
2020WarriorsJames Wiseman
77%
2007SuperSonicsKevin Durant
77%
2018KingsMarvin Bagley III
77%
2016LakersBrandom Ingram
69%
2011TimberwolvesDerrick Williams
62%
1994MavericksJason Kidd
62%
2002BullsJay Williams
62%
2005HawksMarvin Williams
62%
2014BucksJabari Parker
54%
1984Trail BlazersSam Bowie
54%
1992HornetsAlonzo Mourning
46%
2003PistonsDarko Milicic
46%
1990SuperSonicsGary Payton
46%
2013MagicVictor Oladipo
46%
2004BobcatsEmeka Okafor
38%
2009GrizzliesHasheem Thabeet
38%
1981PistonsIsiah Thomas
38%
2006BullsLaMarcus Aldridge
38%
1986CelticsLen Bias
38%
201076ersEvan Turner
31%
1996RaptorsMarcus Camby
31%
2012BobcatsMichael Kidd-Gilchrist
31%
199376ersShawn Bradley
31%
2001ClippersTyson Chandler
31%
1989ClippersDanny Ferry
23%
1979BullsDave Greenwood
23%
1991NetsKenny Anderson
23%
2008HeatMichael Beasley
23%
1988PacersRik Smits
23%
1999GrizzliesSteve Francis
23%
1982ClippersTerry Cummings
23%
1985PacersWayman Tisdale
23%
1995ClippersAntonio McDyess
15%
1987SunsArmen Gilliam
15%
1980JazzDarrell Griffith
15%
199776ersKeith Van Horn
15%
1998GrizzliesMike Bibby
15%
1983PacersSteve Stipanovich
15%
2000GrizzliesStromile Swift
15%

Score Distribution

Percentile by Number Answered

Percent of People with Each Score

Your Score History

You have not taken this quiz